000 00744nam 22001933 4500
001 202125
010 _a972-20-2399-3
021 _b188580/02
090 _a202125
100 _a20260511d u||y0pory50 ba
200 _aEngenho e obra
_eUma abordagem à história da Engenharia em Portugal no século XX
_fCoordenação José Maria Brandão de Brito, Manuel Heitor, Maria Fernanda Rollo
210 _aLisboa
_cEngenho e Obra, Instituto Superior Técnico, Publicações Dom Quixote
_d2002
215 _a317 p.
_cilustrado; encadernado
_d29 cm
606 _913230
_aEngenharia. Tecnologia em Geral
675 _a62
_vPT
_zpor
701 _97043
_aBrito
_bJosé Maria Brandão de
_f1947
801 _aPT
_bBMMN
_gRPC
830 _cFernando
_fFernando
990 _cLIVROS